Teologia de San Agustín / (Registro nro. 26394)
[ vista simple ]
| 000 -LEADER | |
|---|---|
| fixed length control field | 01446cam a2200373 i 4500 |
| 001 - CONTROL NUMBER | |
| control field | 26394 |
| 003 - CONTROL NUMBER IDENTIFIER | |
| control field | Mx-PuUPA |
| 005 - DATE AND TIME OF LATEST TRANSACTION | |
| control field | 20250211102924.0 |
| 008 - FIXED-LENGTH DATA ELEMENTS--GENERAL INFORMATION | |
| fixed length control field | 140415s2018 sp gr 000 0 spa d |
| 017 ## - COPYRIGHT OR LEGAL DEPOSIT NUMBER | |
| Copyright or legal deposit number | M-49087-2011 |
| 020 ## - INTERNATIONAL STANDARD BOOK NUMBER | |
| International Standard Book Number | 9788422015598 |
| Qualifying information | rústica |
| 040 ## - CATALOGING SOURCE | |
| Original cataloging agency | Mx-PuUPA |
| Transcribing agency | Mx-PuUPA |
| Language of cataloging | spa |
| Modifying agency | Mx-PuUPA |
| Description conventions | rda |
| 041 0# - LANGUAGE CODE | |
| Language code of text/sound track or separate title | spa |
| 100 1# - MAIN ENTRY--PERSONAL NAME | |
| Personal name | Moriones, Francisco, |
| Dates associated with a name | 1910-2008 |
| Relator term | autor |
| 9 (RLIN) | 16677 |
| 245 10 - TITLE STATEMENT | |
| Title | Teologia de San Agustín / |
| Statement of responsibility, etc. | Francisco Moriamos, Oar |
| 250 ## - EDITION STATEMENT | |
| Edition statement | Primera edición / |
| Remainder of edition statement | diciembre |
| 264 #1 - PRODUCTION, PUBLICATION, DISTRIBUTION, MANUFACTURE, AND COPYRIGHT NOTICE | |
| Place of production, publication, distribution, manufacture | Madrid : |
| Name of producer, publisher, distributor, manufacturer | Biblioteca de Autores Cristianos, |
| Date of production, publication, distribution, manufacture, or copyright notice | 2018 |
| 300 ## - PHYSICAL DESCRIPTION | |
| Extent | xlvii, 744 páginas ; |
| Dimensions | 21 cm |
| 336 ## - CONTENT TYPE | |
| Fuente | rdacontent |
| Content type term | texto |
| Content type code | txt |
| 337 ## - MEDIA TYPE | |
| Source | rdamedia |
| Media type term | sin medio |
| Media type code | n |
| 338 ## - CARRIER TYPE | |
| Source | rdacarrier |
| Carrier type term | volumen |
| Carrier type code | nc |
| 490 1# - SERIES STATEMENT | |
| Series statement | Biblioteca de Autores Cristianos ; |
| Volume/sequential designation | 649 |
| 545 1# - BIOGRAPHICAL OR HISTORICAL DATA | |
| Biographical or historical data | Reimpresiones: (Segunda, septiembre de 2018). |
| 600 04 - SUBJECT ADDED ENTRY--PERSONAL NAME | |
| Personal name | Agustín, |
| Titles and other words associated with a name | Santo |
| General subdivision | Estudio |
| 600 04 - SUBJECT ADDED ENTRY--PERSONAL NAME | |
| Personal name | Agustín, |
| Titles and other words associated with a name | Santo, |
| General subdivision | Obispo de Hipoa, |
| Chronological subdivision | 354-430 |
| 600 04 - SUBJECT ADDED ENTRY--PERSONAL NAME | |
| Personal name | Agustín, |
| Titles and other words associated with a name | Santo |
| General subdivision | Obispo de Hipona |
| -- | Crítica e interpretación |
| 600 04 - SUBJECT ADDED ENTRY--PERSONAL NAME | |
| Personal name | Agustín, |
| Titles and other words associated with a name | Santo |
| General subdivision | Obispo de Hpona |
| -- | Teología |
| 650 #7 - SUBJECT ADDED ENTRY--TOPICAL TERM | |
| Source of heading or term | armarc |
| Topical term or geographic name entry element | Teología dogmática |
| General subdivision | Historia |
| Chronological subdivision | Periodo primitivo, 30 a. C. |
| General subdivision | Cristianismo |
| 830 #0 - SERIES ADDED ENTRY--UNIFORM TITLE | |
| Uniform title | Biblioteca de autores cristianos |
| 9 (RLIN) | 12038 |
| 942 ## - ADDED ENTRY ELEMENTS (KOHA) | |
| Source of classification or shelving scheme | Dewey Decimal Classification |
| Koha item type | Libro |
| Classification part | 230.14 |
| Item part | M82 |
| Withdrawn status | Lost status | Source of classification or shelving scheme | Damaged status | Not for loan | Collection code | Home library | Current library | Shelving location | Date acquired | Source of acquisition | Cost, normal purchase price | Total Checkouts | Full call number | Barcode | Date last seen | Cost, replacement price | Price effective from | Koha item type |
|---|---|---|---|---|---|---|---|---|---|---|---|---|---|---|---|---|---|---|
| Dewey Decimal Classification | General | Biblioteca Karol Wojtyla | Biblioteca Karol Wojtyla | Sala general | 22/01/2025 | 1 | 1250.00 | 230.14 M82 2018 | 105712 | 05/01/2026 | 1250.00 | 22/01/2025 | Libro |